000 00589nam a2200193 a 4500
005 20230302063548.0
008 060313s1976 mx r 000 0 spa d
035 _aUPN01000143141
049 _aCG
050 4 _aQA304
_bM3.2
100 1 _aMcatee, John
245 1 0 _aCálculo diferencial e integral /
_cJohn Mcatee ; con la consultoria de Benjamín Bold ; tr. Pedro Lezama y Noriega.
260 _aMéxico :
_bLogos,
_c1976.
300 _a237 p.
534 _pTraducción de:
_tCalculus
650 2 _aCálculo diferencial
_94551
650 2 _aCálculo integral
_94584
905 _aLibro
999 _c115288
_d115288